000 00500 a2200193 4500
003 OSt
005 20180116182812.0
008 160825b xxu||||| |||| 00| 0 eng d
020 _a0
040 _c0
082 _a005.13 PIT 2000
100 _aNatanya Pitts
245 _aXML Black Book
_bComprehensive Problem Solver
_cNatanya Pitts
250 _a2nd Ed
260 _aNew Delhi
_bDreamtech Press
_c2000
300 _a720 p.
_bPB
440 _aXML Black Book
942 _aNBS
_cBK
_k005.13 PIT
_2ddc
999 _c346292
_d346292